000 00314nam a2200121 4500
999 _c9735
_d9735
003 OSt
005 20211223184537.0
008 211223b ||||| |||| 00| 0 eng d
100 _aHarry Butler
245 _aThe golden homes book of unique home improvements
260 _aNew York
_bMarshall cavendish
942 _2ddc